000 00631nam a2200181Ia 4500
008 100917s9999 xx 000 0 und d
082 _b36717
100 _aआपटे ह. ना.
245 _aसंगीत सती पिंगला (आ. 2 री)
260 _bद. वा. आंबेकर आर्यभूषण मुद्रणालय
_c1964
300 _a73
365 _b1
520 _aनाटक
630 _aसंगीत सती पिंगला (आ. 2 री)
650 _aनाटक
730 _aसंगीत सती पिंगला (आ. 2 री)
942 _cBOOK
999 _c642111
_d642108